000 00621cam a22002052 4500
001 0000013170
005 20151217152123.0
008 090614s xx 000 0 eng d
020 _a1931498652 :
040 _aKABU
_cKABU
100 1 _aPahl, Greg.
_@0000170308
245 1 0 _aBiodiesel :
_bgrowing a new energy economy /
_cGreg Pahl.
250 _a1st ed.
260 _aWhite River Junction, Vermont :
_bChelsea Green Publishing,
_c2005.
300 _axiv, 281 p.
650 0 _aBiodiesel fuels.
_@0000170309
852 1 _9p1950 KES
908 _a090614
950 _@1
999 _c8470
_d8470